[Event "DEM U18 2025"]
[Site "Willingen GER"]
[Date "2025.06.09"]
[Round "3"]
[White "Möller, Maurin"]
[Black "von Mettenheim, Johannes"]
[Result "0-1"]
[Termination "normal"]
[Board "1"]
[WhiteTitle "FM"]
[WhiteElo "2336"]
[BlackElo "2367"]
[WhiteClock "00:01:38"]
[BlackClock "00:37:39"]
[PlyCount "52"]
[WhiteFideId "16265696"]
[BlackFideId "16244818"]
[EventCountry "GER"]
[EventRounds "9"]
[EventType "swiss"]
[EventDate "2025.06.07"]

1. Nf3 {[%clk 01:30:52]} {[%emt 04:25:08]} d5 {[%clk 01:30:57]} 2. e3 {[%clk
01:31:16]} Nf6 {[%clk 01:31:21]} 3. c4 {[%clk 01:31:38]} e6 {[%clk 01:31:46]}
4. Nc3 {[%clk 01:31:56]} Bd6 {[%clk 01:31:42]} 5. g4 {[%clk 01:31:46]} O-O
{[%clk 01:30:53]} 6. Rg1 {[%clk 01:32:11]} c6 {[%clk 01:15:25]} {[%emt
00:09:11]} 7. d4 {[%clk 01:29:59]} {[%emt 00:03:03]} Nbd7 {[%clk 01:13:31]}
{[%emt 00:02:02]} 8. Qc2 {[%clk 01:21:48]} {[%emt 00:08:42]} dxc4 {[%clk
01:12:41]} {[%emt 00:01:20]} 9. Bxc4 {[%clk 01:21:10]} {[%emt 00:01:07]} e5
{[%clk 01:12:51]} {[%emt 00:00:21]} 10. g5 {[%clk 01:09:34]} {[%emt 00:12:06]}
Nd5 {[%clk 01:12:45]} {[%emt 00:00:36]} 11. Bd2 {[%clk 01:09:54]} {[%emt
00:00:09]} exd4 {[%clk 01:07:41]} {[%emt 00:05:34]} 12. Nxd4 {[%clk 00:43:03]}
{[%emt 00:27:21]} Nb4 {[%clk 01:02:14]} {[%emt 00:05:57]} 13. Qb1 {[%clk
00:43:27]} {[%emt 00:00:06]} Ne5 {[%clk 00:59:07]} {[%emt 00:03:38]} 14. Ne4
{[%clk 00:42:39]} {[%emt 00:01:18]} Kh8 {[%clk 00:51:44]} {[%emt 00:07:52]} 15.
Be2 {[%clk 00:36:12]} {[%emt 00:06:57]} Be7 {[%clk 00:49:42]} {[%emt 00:02:33]}
16. h4 {[%clk 00:28:58]} {[%emt 00:07:43]} c5 {[%clk 00:47:12]} {[%emt
00:03:00]} 17. Bxb4 {[%clk 00:27:54]} {[%emt 00:01:34]} cxd4 {[%clk 00:47:08]}
{[%emt 00:00:35]} 18. Bxe7 {[%clk 00:14:11]} {[%emt 00:14:13]} Qxe7 {[%clk
00:46:56]} {[%emt 00:00:41]} 19. exd4 {[%clk 00:14:35]} {[%emt 00:00:07]} Nc6
{[%clk 00:40:11]} {[%emt 00:07:15]} 20. Qd3 {[%clk 00:09:03]} {[%emt 00:06:02]}
Nb4 {[%clk 00:39:46]} {[%emt 00:00:54]} 21. Qd2 {[%clk 00:08:36]} {[%emt
00:00:57]} Qxe4 {[%clk 00:39:29]} {[%emt 00:00:47]} 22. Qxb4 {[%clk 00:08:59]}
{[%emt 00:00:07]} Re8 {[%clk 00:39:28]} {[%emt 00:00:31]} 23. O-O-O {[%clk
00:06:40]} {[%emt 00:02:50]} a5 {[%clk 00:37:25]} {[%emt 00:02:32]} 24. Qc3
{[%clk 00:02:19]} {[%emt 00:04:51]} Qxe2 {[%clk 00:37:01]} {[%emt 00:00:55]}
25. Rge1 {[%clk 00:02:42]} {[%emt 00:00:06]} Qb5 {[%clk 00:37:26]} {[%emt
00:00:05]} 26. d5 {[%clk 00:01:38]} {[%emt 00:01:34]} Bf5 {[%clk 00:37:39]}
{[%emt 00:00:17]} 0-1

[Event "DEM U18 2025"]
[Site "Willingen GER"]
[Date "2025.06.09"]
[Round "3"]
[White "Petrovskiy, Vadym"]
[Black "Ohler, Julius"]
[Result "1-0"]
[Termination "normal"]
[Board "2"]
[WhiteTitle "IM"]
[BlackTitle "FM"]
[WhiteElo "2432"]
[BlackElo "2301"]
[WhiteClock "00:23:18"]
[BlackClock "00:08:00"]
[PlyCount "147"]
[WhiteFideId "14165210"]
[BlackFideId "16238982"]
[EventCountry "GER"]
[EventRounds "9"]
[EventType "swiss"]
[EventDate "2025.06.07"]

1. d4 {[%clk 01:30:26]} Nf6 {[%clk 01:30:53]} 2. c4 {[%clk 01:30:19]} e6 {[%clk
01:31:18]} 3. Nc3 {[%clk 01:29:13]} d5 {[%clk 01:30:37]} 4. cxd5 exd5 {[%clk
01:30:58]} 5. Bg5 {[%clk 01:29:18]} Be7 {[%clk 01:30:25]} 6. e3 {[%clk
01:29:37]} c6 {[%clk 01:30:31]} 7. Bd3 {[%clk 01:29:53]} Nbd7 {[%clk 01:26:59]}
{[%emt 00:01:13]} 8. Qc2 {[%clk 01:29:19]} {[%emt 00:01:05]} h6 {[%clk
01:26:09]} {[%emt 00:01:20]} 9. Bf4 {[%clk 01:25:09]} {[%emt 00:04:39]} O-O
{[%clk 01:16:16]} {[%emt 00:10:24]} 10. h3 {[%clk 01:24:22]} {[%emt 00:01:17]}
c5 {[%clk 01:15:26]} {[%emt 00:01:21]} 11. Nf3 {[%clk 01:22:08]} {[%emt
00:02:44]} b6 {[%clk 01:12:25]} {[%emt 00:03:32]} 12. O-O {[%clk 01:18:12]}
{[%emt 00:04:24]} Bb7 {[%clk 01:12:51]} {[%emt 00:00:04]} 13. Ne5 {[%clk
01:16:05]} {[%emt 00:02:37]} Re8 {[%clk 01:09:52]} {[%emt 00:03:28]} 14. Bb5
{[%clk 01:12:21]} {[%emt 00:04:16]} a6 {[%clk 01:06:30]} {[%emt 00:03:51]} 15.
Nc6 {[%clk 01:04:04]} {[%emt 00:08:47]} Qc8 {[%clk 01:06:56]} {[%emt 00:00:04]}
16. Nxe7+ {[%clk 01:04:29]} {[%emt 00:00:05]} Rxe7 {[%clk 01:07:24]} {[%emt
00:00:02]} 17. Bd3 {[%clk 01:04:35]} {[%emt 00:00:25]} Qc6 {[%clk 01:04:52]}
{[%emt 00:03:01]} 18. Rfd1 {[%clk 01:01:09]} {[%emt 00:03:56]} c4 {[%clk
01:01:24]} {[%emt 00:03:58]} 19. Bf5 {[%clk 00:59:23]} {[%emt 00:02:16]} b5
{[%clk 01:00:11]} {[%emt 00:01:43]} 20. a3 {[%clk 00:58:53]} {[%emt 00:01:00]}
Nf8 {[%clk 00:52:01]} {[%emt 00:08:41]} 21. b4 {[%clk 00:42:04]} {[%emt
00:17:18]} Bc8 {[%clk 00:50:35]} {[%emt 00:01:56]} 22. a4 {[%clk 00:40:01]}
{[%emt 00:02:33]} Bxf5 {[%clk 00:48:20]} {[%emt 00:02:45]} 23. Qxf5 {[%clk
00:40:28]} {[%emt 00:00:03]} Ree8 {[%clk 00:40:28]} {[%emt 00:08:22]} 24. f3
{[%clk 00:35:09]} {[%emt 00:05:48]} Ng6 {[%clk 00:37:16]} {[%emt 00:03:43]} 25.
Be5 {[%clk 00:35:09]} {[%emt 00:00:31]} Nd7 {[%clk 00:37:09]} {[%emt 00:00:36]}
26. Bg3 {[%clk 00:34:50]} {[%emt 00:00:49]} Nb6 {[%clk 00:34:32]} {[%emt
00:03:08]} 27. axb5 {[%clk 00:33:47]} {[%emt 00:01:33]} axb5 {[%clk 00:34:57]}
{[%emt 00:00:05]} 28. Rxa8 {[%clk 00:33:16]} {[%emt 00:01:01]} Rxa8 {[%clk
00:35:19]} {[%emt 00:00:08]} 29. e4 {[%clk 00:33:39]} {[%emt 00:00:07]} Rd8
{[%clk 00:31:34]} {[%emt 00:04:15]} 30. h4 {[%clk 00:31:02]} {[%emt 00:03:07]}
Nf8 {[%clk 00:23:27]} {[%emt 00:08:37]} 31. Qe5 {[%clk 00:30:16]} {[%emt
00:01:16]} Ne6 {[%clk 00:23:25]} {[%emt 00:00:32]} 32. h5 {[%clk 00:24:28]}
{[%emt 00:06:18]} Qd7 {[%clk 00:19:41]} {[%emt 00:04:14]} 33. Bh4 {[%clk
00:22:32]} {[%emt 00:02:27]} Re8 {[%clk 00:18:15]} {[%emt 00:01:55]} 34. Qf5
{[%clk 00:20:26]} {[%emt 00:02:36]} Qd6 {[%clk 00:17:18]} {[%emt 00:01:27]} 35.
exd5 {[%clk 00:17:59]} {[%emt 00:02:57]} Nc7 {[%clk 00:16:45]} {[%emt
00:01:03]} 36. Ne4 {[%clk 00:18:23]} {[%emt 00:00:05]} Qxd5 {[%clk 00:16:50]}
{[%emt 00:00:26]} 37. Qg4 {[%clk 00:18:48]} {[%emt 00:00:05]} Kh7 {[%clk
00:11:07]} {[%emt 00:06:14]} 38. Bf6 {[%clk 00:16:24]} {[%emt 00:02:53]} Rg8
{[%clk 00:10:00]} {[%emt 00:01:37]} 39. Be5 {[%clk 00:13:30]} {[%emt 00:03:23]}
Ne8 {[%clk 00:05:38]} {[%emt 00:04:53]} 40. Qf5+ {[%clk 00:09:05]} {[%emt
00:04:54]} Kh8 {[%clk 00:06:02]} {[%emt 00:00:06]} 41. Nc3 {[%clk 00:09:31]}
{[%emt 00:00:05]} Qe6 {[%clk 00:02:08]} {[%emt 00:04:23]} 42. Qxe6 {[%clk
00:07:14]} {[%emt 00:02:48]} fxe6 {[%clk 00:00:48]} {[%emt 00:01:50]} 43. d5
{[%clk 00:06:17]} {[%emt 00:01:27]} exd5 {[%clk 00:27:34]} {[%emt 00:03:43]}
44. Nxd5 {[%clk 00:36:43]} {[%emt 00:00:05]} Nd7 {[%clk 00:25:27]} {[%emt
00:02:37]} 45. Ne7 {[%clk 00:33:12]} {[%emt 00:04:01]} Nxe5 {[%clk 00:25:52]}
{[%emt 00:00:05]} 46. Nxg8 {[%clk 00:33:40]} {[%emt 00:00:03]} Kxg8 {[%clk
00:22:03]} {[%emt 00:04:19]} 47. Re1 {[%clk 00:33:58]} {[%emt 00:00:11]} Nxf3+
{[%clk 00:20:37]} {[%emt 00:01:55]} 48. gxf3 {[%clk 00:34:22]} {[%emt
00:00:07]} Nc7 {[%clk 00:21:00]} {[%emt 00:00:06]} 49. Re5 {[%clk 00:32:41]}
{[%emt 00:02:12]} Na6 {[%clk 00:20:12]} {[%emt 00:01:18]} 50. Kf2 {[%clk
00:31:49]} {[%emt 00:01:22]} c3 {[%clk 00:19:18]} {[%emt 00:01:24]} 51. Re8+
{[%clk 00:28:35]} {[%emt 00:03:44]} Kf7 {[%clk 00:19:17]} {[%emt 00:00:30]} 52.
Rc8 {[%clk 00:28:59]} {[%emt 00:00:06]} Nxb4 {[%clk 00:19:28]} {[%emt
00:00:20]} 53. Rxc3 {[%clk 00:29:26]} {[%emt 00:00:03]} Nd5 {[%clk 00:17:50]}
{[%emt 00:02:08]} 54. Rc5 {[%emt 00:00:54]} Ne7 {[%clk 00:16:01]} {[%emt
00:01:41]} 55. Rxb5 {[%clk 00:30:00]} {[%emt 00:00:09]} Kf6 {[%clk 00:16:24]}
{[%emt 00:00:07]} 56. Ke3 {[%clk 00:29:52]} {[%emt 00:00:39]} Nf5+ {[%clk
00:16:47]} {[%emt 00:00:06]} 57. Kf4 {[%clk 00:30:07]} {[%emt 00:00:15]} Nd4
{[%clk 00:16:25]} {[%emt 00:00:52]} 58. Rb6+ {[%clk 00:30:17]} {[%emt
00:00:21]} Ne6+ {[%clk 00:16:49]} {[%emt 00:00:05]} 59. Ke4 {[%clk 00:30:40]}
{[%emt 00:00:07]} Kf7 {[%clk 00:17:13]} {[%emt 00:00:06]} 60. Ke5 {[%clk
00:30:16]} {[%emt 00:00:54]} Ng5 {[%clk 00:17:25]} {[%emt 00:00:19]} 61. Rb7+
{[%clk 00:29:55]} {[%emt 00:00:51]} Kg8 {[%clk 00:16:52]} {[%emt 00:01:02]} 62.
f4 {[%clk 00:30:08]} {[%emt 00:00:17]} Nh7 {[%clk 00:16:11]} {[%emt 00:01:11]}
63. Ke6 {[%clk 00:24:06]} {[%emt 00:06:31]} Nf6 {[%clk 00:14:42]} {[%emt
00:02:01]} 64. Rb8+ {[%clk 00:24:05]} {[%emt 00:00:31]} Kh7 {[%clk 00:15:05]}
{[%emt 00:00:07]} 65. Rb5 {[%clk 00:24:34]} {[%emt 00:00:02]} Kg8 {[%clk
00:13:57]} {[%emt 00:01:36]} 66. Ra5 {[%clk 00:23:12]} {[%emt 00:01:53]} Ne4
{[%clk 00:13:02]} {[%emt 00:01:25]} 67. Ra8+ {[%clk 00:23:18]} {[%emt
00:00:24]} Kh7 {[%clk 00:13:22]} {[%emt 00:00:09]} 68. Kf7 {[%clk 00:23:43]}
{[%emt 00:00:05]} Nf6 {[%clk 00:13:10]} {[%emt 00:00:43]} 69. Ra5 {[%clk
00:22:45]} {[%emt 00:01:27]} Ne4 {[%clk 00:13:14]} {[%emt 00:00:26]} 70. Rd5
{[%clk 00:22:45]} {[%emt 00:00:31]} Nf6 {[%clk 00:13:03]} {[%emt 00:00:40]} 71.
Re5 {[%clk 00:23:07]} {[%emt 00:00:09]} Kh8 {[%clk 00:07:58]} {[%emt 00:05:36]}
72. Kg6 {[%clk 00:23:22]} {[%emt 00:00:14]} Kg8 {[%clk 00:08:21]} {[%emt
00:00:06]} 73. Re7 {[%clk 00:23:32]} {[%emt 00:00:20]} Kh8 {[%clk 00:08:00]}
{[%emt 00:00:51]} 74. Rf7 {[%clk 00:23:18]} {[%emt 00:00:44]} 1-0

[Event "DEM U18 2025"]
[Site "Willingen GER"]
[Date "2025.06.09"]
[Round "3"]
[White "Heinrich, John"]
[Black "Vollbehr, Bjarne"]
[Result "1-0"]
[Termination "normal"]
[Board "3"]
[WhiteTitle "FM"]
[BlackTitle "CM"]
[WhiteElo "2359"]
[BlackElo "2163"]
[WhiteClock "00:13:28"]
[BlackClock "00:05:27"]
[PlyCount "61"]
[WhiteFideId "16259491"]
[BlackFideId "34606025"]
[EventCountry "GER"]
[EventRounds "9"]
[EventType "swiss"]
[EventDate "2025.06.07"]

1. d4 {[%clk 01:30:55]} d5 {[%clk 01:30:39]} 2. Nf3 {[%clk 01:30:45]} Nf6
{[%clk 01:31:02]} 3. c4 dxc4 {[%clk 01:31:27]} 4. e3 {[%clk 01:31:08]} e6
{[%clk 01:31:22]} 5. Bxc4 {[%clk 01:31:23]} a6 {[%clk 01:31:46]} 6. O-O {[%clk
01:31:28]} c5 {[%clk 01:31:56]} 7. b3 {[%clk 01:31:39]} b5 {[%clk 01:26:56]}
{[%emt 00:00:20]} 8. Be2 {[%clk 01:31:55]} Bb7 {[%clk 01:23:50]} {[%emt
00:03:01]} 9. Bb2 {[%clk 01:32:02]} {[%emt 00:00:22]} Nc6 {[%clk 01:22:37]}
{[%emt 00:01:41]} 10. Nbd2 {[%clk 01:29:55]} {[%emt 00:02:39]} cxd4 {[%clk
01:18:18]} {[%emt 00:04:49]} 11. Nxd4 {[%clk 01:30:17]} {[%emt 00:00:09]} Nxd4
{[%clk 01:17:16]} {[%emt 00:01:31]} 12. Bxd4 {[%clk 01:28:03]} {[%emt
00:02:45]} Be7 {[%clk 01:15:51]} {[%emt 00:01:54]} 13. a4 {[%clk 01:26:10]}
{[%emt 00:02:24]} O-O {[%clk 01:14:05]} {[%emt 00:02:16]} 14. Nf3 {[%clk
01:18:42]} {[%emt 00:07:58]} Qd5 {[%clk 01:07:50]} {[%emt 00:06:44]} 15. Qb1
{[%clk 01:04:24]} {[%emt 00:14:48]} Ne4 {[%clk 00:54:59]} {[%emt 00:13:21]} 16.
Rd1 {[%clk 01:01:52]} {[%emt 00:03:03]} Qh5 {[%clk 00:52:14]} {[%emt 00:03:14]}
17. Qb2 {[%clk 00:49:29]} {[%emt 00:12:54]} Bf6 {[%clk 00:38:54]} {[%emt
00:13:50]} 18. axb5 {[%clk 00:37:48]} {[%emt 00:12:12]} axb5 {[%clk 00:35:27]}
{[%emt 00:03:56]} 19. b4 {[%clk 00:37:05]} {[%emt 00:01:13]} Rxa1 {[%clk
00:31:21]} {[%emt 00:04:35]} 20. Rxa1 {[%clk 00:37:24]} {[%emt 00:00:12]} Rc8
{[%clk 00:29:20]} {[%emt 00:02:31]} 21. Bxf6 {[%clk 00:30:17]} {[%emt
00:07:37]} Nxf6 {[%clk 00:29:23]} {[%emt 00:00:26]} 22. Rc1 {[%clk 00:26:12]}
{[%emt 00:04:35]} Rxc1+ {[%clk 00:26:17]} {[%emt 00:03:36]} 23. Qxc1 {[%clk
00:26:16]} {[%emt 00:00:26]} Qd5 {[%clk 00:25:59]} {[%emt 00:00:47]} 24. Qc7
{[%clk 00:19:49]} {[%emt 00:06:58]} h6 {[%clk 00:25:26]} {[%emt 00:01:02]} 25.
Bf1 {[%clk 00:19:42]} {[%emt 00:00:38]} Ne4 {[%clk 00:23:11]} {[%emt 00:02:45]}
26. Ne5 {[%clk 00:17:59]} {[%emt 00:02:13]} Nd6 {[%clk 00:09:29]} {[%emt
00:14:12]} 27. Nd7 {[%clk 00:17:30]} {[%emt 00:00:59]} h5 {[%clk 00:07:36]}
{[%emt 00:02:23]} 28. Nc5 {[%clk 00:12:48]} {[%emt 00:05:12]} Bc6 {[%clk
00:06:34]} {[%emt 00:01:32]} 29. e4 {[%clk 00:12:39]} {[%emt 00:00:39]} Nxe4
{[%clk 00:06:40]} {[%emt 00:00:23]} 30. Nxe4 {[%clk 00:13:03]} {[%emt
00:00:06]} Qxe4 {[%clk 00:05:27]} {[%emt 00:01:44]} 31. Qd8+ {[%clk 00:13:28]}
{[%emt 00:00:06]} 1-0

[Event "DEM U18 2025"]
[Site "Willingen GER"]
[Date "2025.06.09"]
[Round "3"]
[White "Fuhrmann, Bahne"]
[Black "Reichmann, Felix"]
[Result "1/2-1/2"]
[Termination "normal"]
[Board "4"]
[WhiteTitle "FM"]
[BlackTitle "CM"]
[WhiteElo "2256"]
[BlackElo "2138"]
[BlackClock "01:30:30"]
[PlyCount "48"]
[WhiteFideId "16244842"]
[BlackFideId "16238290"]
[EventCountry "GER"]
[EventRounds "9"]
[EventType "swiss"]
[EventDate "2025.06.07"]

1. d4 Nf6 {[%clk 01:30:30]} 2. g3 g6 {[%clk 01:30:30]} 3. Bg2 d5 {[%clk
01:30:30]} 4. Nf3 Bg7 {[%clk 01:30:30]} 5. O-O O-O {[%clk 01:30:30]} 6. c4 c6
{[%clk 01:30:30]} 7. a4 Bf5 {[%clk 01:30:30]} 8. Nc3 Ne4 {[%clk 01:30:30]} 9.
cxd5 cxd5 {[%clk 01:30:30]} 10. Qb3 Nc6 {[%clk 01:30:30]} 11. Qxb7 Na5 {[%clk
01:30:30]} 12. Qa6 Nb3 {[%clk 01:30:30]} 13. Ra3 Nxd4 {[%clk 01:30:30]} 14.
Nxd4 Bxd4 {[%clk 01:30:30]} 15. Nxe4 dxe4 {[%clk 01:30:30]} 16. Rb3 Rb8 {[%clk
01:30:30]} 17. Rxb8 Qxb8 {[%clk 01:30:30]} 18. Qc4 Bxb2 {[%clk 01:30:30]} 19.
Bxb2 Qxb2 {[%clk 01:30:30]} 20. Bxe4 Rc8 {[%clk 01:30:30]} 21. Qa6 Qb6 {[%clk
01:30:30]} 22. Qxb6 axb6 {[%clk 01:30:30]} 23. Bxf5 gxf5 {[%clk 01:30:30]} 24.
Rb1 Rc4 {[%clk 01:30:30]} 1/2-1/2

[Event "DEM U18 2025"]
[Site "Willingen GER"]
[Date "2025.06.09"]
[Round "3"]
[White "Stützer, Kiran"]
[Black "Guo, Philipp Ziming"]
[Result "1/2-1/2"]
[Termination "normal"]
[Board "5"]
[WhiteElo "1869"]
[BlackElo "2219"]
[WhiteClock "00:05:39"]
[BlackClock "00:05:08"]
[PlyCount "169"]
[WhiteFideId "34665374"]
[BlackFideId "16245199"]
[EventCountry "GER"]
[EventRounds "9"]
[EventType "swiss"]
[EventDate "2025.06.07"]

1. d4 {[%clk 01:30:57]} Nf6 {[%clk 01:30:43]} 2. c4 {[%clk 01:31:22]} e6 {[%clk
01:30:55]} 3. g3 {[%clk 01:31:44]} d5 {[%clk 01:31:05]} 4. Nf3 {[%clk
01:32:09]} Be7 {[%clk 01:30:19]} 5. Bg2 {[%clk 01:32:26]} O-O {[%clk 01:30:41]}
6. O-O {[%clk 01:32:53]} c6 {[%clk 01:30:56]} 7. Qc2 {[%clk 01:32:59]} b6
{[%clk 01:31:19]} 8. b3 {[%clk 01:31:53]} Bb7 {[%clk 01:30:18]} 9. Rd1 {[%clk
01:32:12]} Nbd7 {[%clk 01:30:13]} 10. Nc3 {[%clk 01:32:32]} c5 {[%clk
01:12:36]} {[%emt 00:16:00]} 11. cxd5 {[%clk 01:23:39]} {[%emt 00:09:23]} exd5
{[%clk 01:11:29]} {[%emt 00:01:35]} 12. Bb2 {[%clk 01:16:40]} {[%emt 00:07:30]}
Rc8 {[%clk 01:02:45]} {[%emt 00:09:15]} 13. e3 {[%clk 01:12:24]} {[%emt
00:04:47]} Qc7 {[%clk 00:57:31]} {[%emt 00:05:42]} 14. Rac1 {[%clk 01:11:33]}
{[%emt 00:01:22]} Qb8 {[%clk 00:54:19]} {[%emt 00:03:41]} 15. Ne5 {[%clk
01:04:20]} {[%emt 00:07:43]} Rcd8 {[%clk 00:34:31]} {[%emt 00:20:19]} 16. Nxd7
{[%clk 00:58:58]} {[%emt 00:05:52]} Rxd7 {[%clk 00:34:57]} {[%emt 00:00:04]}
17. dxc5 {[%clk 00:52:01]} {[%emt 00:07:26]} Bxc5 {[%clk 00:31:37]} {[%emt
00:03:51]} 18. Ne2 {[%clk 00:50:46]} {[%emt 00:01:45]} Qd6 {[%clk 00:18:09]}
{[%emt 00:13:57]} 19. Nf4 {[%clk 00:46:55]} {[%emt 00:04:21]} Rfd8 {[%clk
00:15:32]} {[%emt 00:03:07]} 20. Qf5 {[%clk 00:44:54]} {[%emt 00:02:31]} Ba3
{[%clk 00:07:50]} {[%emt 00:08:14]} 21. Bxa3 {[%clk 00:35:28]} {[%emt
00:09:56]} Qxa3 {[%clk 00:08:12]} {[%emt 00:00:07]} 22. Rc2 {[%clk 00:35:19]}
{[%emt 00:00:38]} Qe7 {[%clk 00:05:39]} {[%emt 00:03:03]} 23. Rcd2 {[%clk
00:34:20]} {[%emt 00:01:30]} g6 {[%clk 00:02:58]} {[%emt 00:03:10]} 24. Qc2
{[%clk 00:30:13]} {[%emt 00:04:36]} Ne4 {[%clk 00:01:13]} {[%emt 00:02:15]} 25.
Rd4 {[%clk 00:28:52]} {[%emt 00:01:52]} Nf6 {[%clk 00:01:21]} {[%emt 00:00:22]}
26. h4 {[%clk 00:27:41]} {[%emt 00:01:41]} Kg7 {[%clk 00:01:15]} {[%emt
00:00:35]} 27. Qb2 {[%clk 00:26:43]} {[%emt 00:01:29]} Qe5 {[%clk 00:00:54]}
{[%emt 00:00:51]} 28. Qa3 {[%clk 00:24:16]} {[%emt 00:02:56]} a6 {[%clk
00:00:41]} {[%emt 00:00:43]} 29. b4 {[%clk 00:23:06]} {[%emt 00:01:41]} h6
{[%clk 00:00:53]} {[%emt 00:00:18]} 30. Qc3 {[%clk 00:21:11]} {[%emt 00:02:23]}
Rc7 {[%clk 00:00:55]} {[%emt 00:00:28]} 31. Qd2 {[%clk 00:17:57]} {[%emt
00:03:45]} Rcd7 {[%clk 00:01:00]} {[%emt 00:00:26]} 32. Bf3 {[%clk 00:17:21]}
{[%emt 00:01:05]} h5 {[%clk 00:00:48]} {[%emt 00:00:43]} 33. Kg2 {[%clk
00:16:33]} {[%emt 00:01:17]} Rd6 {[%clk 00:01:01]} {[%emt 00:00:18]} 34. a4
{[%clk 00:16:19]} {[%emt 00:00:44]} Bc6 {[%clk 00:00:50]} {[%emt 00:00:40]} 35.
a5 {[%clk 00:15:06]} {[%emt 00:01:44]} bxa5 {[%clk 00:01:11]} {[%emt 00:00:09]}
36. bxa5 {[%clk 00:15:26]} {[%emt 00:00:09]} Bb7 {[%clk 00:01:00]} {[%emt
00:00:40]} 37. Nd3 {[%clk 00:14:44]} {[%emt 00:01:13]} Qe7 {[%clk 00:00:43]}
{[%emt 00:00:47]} 38. Nb4 {[%clk 00:13:27]} {[%emt 00:01:46]} Qe5 {[%clk
00:00:38]} {[%emt 00:00:35]} 39. Nd3 {[%clk 00:10:33]} {[%emt 00:03:24]} Qe7
{[%clk 00:01:00]} {[%emt 00:00:08]} 40. Nc5 {[%clk 00:10:47]} {[%emt 00:00:17]}
Bc8 {[%clk 00:00:59]} {[%emt 00:00:31]} 41. Na4 {[%clk 00:05:09]} {[%emt
00:06:08]} Bb7 {[%clk 00:16:20]} {[%emt 00:15:08]} 42. Nb6 {[%clk 00:33:47]}
{[%emt 00:01:52]} Qe6 {[%clk 00:16:27]} {[%emt 00:00:22]} 43. Qa2 {[%clk
00:32:52]} {[%emt 00:01:25]} Qe5 {[%clk 00:15:13]} {[%emt 00:01:45]} 44. Qa3
{[%clk 00:31:49]} {[%emt 00:01:33]} Qe6 {[%clk 00:13:42]} {[%emt 00:02:02]} 45.
Qd3 {[%clk 00:29:58]} {[%emt 00:02:20]} Kg8 {[%clk 00:12:13]} {[%emt 00:01:59]}
46. Kg1 {[%clk 00:29:50]} {[%emt 00:00:38]} Kg7 {[%clk 00:12:13]} {[%emt
00:00:31]} 47. Bg2 {[%clk 00:27:32]} {[%emt 00:02:48]} Qe5 {[%clk 00:10:05]}
{[%emt 00:02:37]} 48. Qa3 {[%clk 00:22:28]} {[%emt 00:05:35]} Qe6 {[%clk
00:06:39]} {[%emt 00:03:55]} 49. R1d3 {[%clk 00:20:52]} {[%emt 00:02:06]} Qe8
{[%clk 00:05:44]} {[%emt 00:01:25]} 50. Qb4 {[%clk 00:18:27]} {[%emt 00:02:56]}
Bc6 {[%clk 00:04:26]} {[%emt 00:01:47]} 51. Qd2 {[%clk 00:15:42]} {[%emt
00:03:14]} Bb5 {[%clk 00:02:51]} {[%emt 00:02:06]} 52. Rc3 {[%clk 00:15:44]}
{[%emt 00:00:28]} Qe6 {[%clk 00:01:46]} {[%emt 00:01:35]} 53. Rc7 {[%clk
00:14:06]} {[%emt 00:02:08]} Rc6 {[%clk 00:01:20]} {[%emt 00:00:55]} 54. Rxc6
{[%clk 00:13:41]} {[%emt 00:00:56]} Bxc6 {[%clk 00:01:19]} {[%emt 00:00:31]}
55. e4 {[%clk 00:13:03]} {[%emt 00:01:08]} Re8 {[%clk 00:00:53]} {[%emt
00:00:57]} 56. exd5 {[%clk 00:11:39]} {[%emt 00:01:54]} Qe1+ {[%clk 00:01:22]}
{[%emt 00:00:01]} 57. Qxe1 {[%clk 00:11:33]} {[%emt 00:00:36]} Rxe1+ {[%clk
00:01:51]} {[%emt 00:00:01]} 58. Kh2 {[%clk 00:11:53]} {[%emt 00:00:09]} Bb5
{[%clk 00:01:23]} {[%emt 00:00:58]} 59. Bf3 {[%clk 00:10:27]} {[%emt 00:01:57]}
Kf8 {[%clk 00:01:30]} {[%emt 00:00:22]} 60. Rd1 {[%clk 00:10:20]} {[%emt
00:00:36]} Rxd1 {[%clk 00:00:46]} {[%emt 00:01:16]} 61. Bxd1 {[%clk 00:10:44]}
{[%emt 00:00:06]} Ke7 {[%clk 00:00:39]} {[%emt 00:00:36]} 62. Kg2 {[%clk
00:09:51]} {[%emt 00:01:22]} Ne4 {[%clk 00:00:34]} {[%emt 00:00:37]} 63. Kf3
{[%clk 00:09:27]} {[%emt 00:00:54]} Nd6 {[%clk 00:00:39]} {[%emt 00:00:23]} 64.
Ke3 {[%clk 00:08:59]} {[%emt 00:01:00]} Nb7 {[%clk 00:00:42]} {[%emt 00:00:26]}
65. Nc8+ {[%clk 00:08:00]} {[%emt 00:01:30]} Kd7 {[%clk 00:00:49]} {[%emt
00:00:23]} 66. Na7 {[%clk 00:07:48]} {[%emt 00:00:42]} Nxa5 {[%clk 00:00:35]}
{[%emt 00:00:44]} 67. Nxb5 {[%clk 00:07:39]} {[%emt 00:00:38]} axb5 {[%clk
00:01:05]} 68. Be2 {[%clk 00:06:24]} {[%emt 00:01:46]} Kd6 {[%clk 00:01:14]}
{[%emt 00:00:20]} 69. Bxb5 {[%clk 00:06:18]} {[%emt 00:00:36]} Kxd5 {[%clk
00:01:39]} {[%emt 00:00:05]} 70. Kf4 {[%clk 00:05:57]} {[%emt 00:00:51]} Ke6
{[%clk 00:01:42]} {[%emt 00:00:27]} 71. Kg5 {[%clk 00:06:05]} {[%emt 00:00:23]}
Nb7 {[%clk 00:01:58]} {[%emt 00:00:14]} 72. Bc4+ {[%clk 00:05:55]} {[%emt
00:00:40]} Ke7 {[%clk 00:02:23]} {[%emt 00:00:05]} 73. Bd3 {[%clk 00:05:04]}
{[%emt 00:01:21]} Nc5 {[%clk 00:01:46]} {[%emt 00:01:05]} 74. Bxg6 {[%clk
00:04:52]} {[%emt 00:00:43]} fxg6 {[%clk 00:02:06]} {[%emt 00:00:10]} 75. Kxg6
{[%clk 00:05:12]} {[%emt 00:00:10]} Ne4 {[%clk 00:02:20]} {[%emt 00:00:15]} 76.
Kxh5 {[%clk 00:05:17]} {[%emt 00:00:26]} Kf7 {[%clk 00:02:15]} {[%emt
00:00:35]} 77. g4 {[%clk 00:04:12]} {[%emt 00:01:36]} Nxf2 {[%clk 00:02:38]}
{[%emt 00:00:06]} 78. g5 {[%clk 00:04:14]} {[%emt 00:00:28]} Kg7 {[%clk
00:02:53]} {[%emt 00:00:15]} 79. g6 {[%clk 00:04:36]} {[%emt 00:00:09]} Nd3
{[%clk 00:03:04]} {[%emt 00:00:18]} 80. Kg5 {[%clk 00:04:37]} {[%emt 00:00:30]}
Ne5 {[%clk 00:03:26]} {[%emt 00:00:07]} 81. h5 {[%clk 00:04:51]} {[%emt
00:00:16]} Nxg6 {[%clk 00:03:50]} {[%emt 00:00:07]} 82. hxg6 {[%clk 00:05:12]}
{[%emt 00:00:09]} Kg8 {[%clk 00:04:17]} {[%emt 00:00:02]} 83. Kh6 {[%clk
00:05:14]} {[%emt 00:00:29]} Kh8 {[%clk 00:04:42]} {[%emt 00:00:03]} 84. g7+
{[%clk 00:05:39]} {[%emt 00:00:06]} Kg8 {[%clk 00:05:08]} {[%emt 00:00:04]} 85.
Kg6 {[%emt 00:00:04]} 1/2-1/2